LEADER 01567cas0 2200337 450 001 SOBP300057 005 20191219090958.0 011 $a11217820 100 $a20050505a19449999|||||ita|0103 ba 101 $aita 102 $aIT 110 $aa 200 1 $aBollettino della Societā geografica italiana 207 1$a7.s., a. 9, n. 1 (1944)-a. 12, n. 6/7 (1947) ; 8.s., a. 1, n. 1/2 (1948)-a. 12, n. 11/12 (1959) ; 9.s., a. 1, n. 1/3 (1960)-a. 12, n. 10/12 (1971); 10.s., a. 1, n. 1/3 (1972)-a. 12, n. 10/12 (1983); 11.s., a. 1, n. 1/6 (1984)-a. 12, n. 4 ( 1995); 12.s., a. 1, n. 1 (1996)-a. 12, n. 4 (2007); 13.s., a. 1, n. 1 (2008)-a. 13, n. 3/4 (2017); 14.s., a. 1, n. 1 (2018)- 210 $aRoma$cSocietā geografica italiana 215 $av.$cill., carte geografiche$d25 cm 300 $aTitolo di dorso: BSGI 300 $aQuadrimestrale, poi semestrale (dal 2018) 300 $aIl luogo di pubblicazione e l'editore variano in: Firenze, Firenze university press 430 1$1001SOBE00063394$12001 $aBollettino della Reale societā geografica italiana 517 1 $aBSGI$9SOBE00063393 712 02$a*Societā *geografica *italiana $3SOBA00019504$4070 801 0$aIT$bUNISOB$c20191219$gRICA 850 $aUNISOB 852 $aUNISOB$jIt$m7562 912 $aSOBP300057 940 $aS 120 Periodico SBN 941 $aS 957 $aIt$b000018$gCON$d7562$racquisto$uSospeso$1carrano$2UNISOB$3UNISOB$420051209111958.0$520191219084920.0$6catenaccif 996 $aBollettino della societā geografica italiana$989261 997 $aUNISOB